00328nam a2200145Ia 4500008004100000020001600041050000900057050001600066100001500082245002400097260001200121260002300133260000900156300001700165170203s9999 xx 000 0 und d a0-394858182 aFic  b.D923k 1983 aDunn, Judy 4aThe Little Kitten / aU.S.A : bRamdon House, Inc. c1983 bcol. ill. ;